Toutes les refs possibles en lien avec CYNS - Statistiques

Statistiques générales
  • Ce quiz a été pris 3 fois
  • Le résultat moyen est 4 sur 11
Statistiques - réponses
Hint Réponse % Correct
4 autiste
100%
1 caca
100%
2 plu
100%
7 cyns
33%
5 oklahoma
33%
3 vous ou
33%
9 1996
0%
8 brouteur
0%
6 cheikh
0%
11 ingénieur
0%
10 seck
0%
Aucun quiz correspondant
Distribution des résultats
% des personnes avec chaque résultat
Percentile par nombre de réponses
Votre historique - résultats
Vous n’avez pas pris ce quiz